Statystyki dla Stolice państw, oraz terytoriów zależnych leżących w Afryce

Kliknij tutaj aby rozwiązać quiz!

Ogólne statystyki

  • Ten quiz został rozwiązany 16 razy
    (13 od ostatniego zresetowania)
  • Średni wynik to 48 z 59

Statystyki odpowiedzi

Państwo / TerytoriumStolica% Poprawnych
EgiptKair
100%
NigeriaAbudża
89%
EtiopiaAddis Abeba
89%
GhanaAkra
89%
AlgieriaAlgier
89%
MadagaskarAntananarywa
89%
ErytreaAsmara
89%
SomaliaBaidoa / Jowhar / Mogadiszu
89%
Gwinea BissauBissau
89%
Republika Południowej AfrykiBloemfontein / Kapsztad / Pretoria
89%
KongoBrazzaville
89%
SudanChartum
89%
SenegalDakar
89%
TanzaniaDodoma
89%
DżibutiDżibuti
89%
Sierra LeoneFreetown
89%
BotswanaGaborone
89%
KamerunJaunde
89%
UgandaKampala
89%
Demokratyczna Republika KongaKinszasa
89%
GwineaKonakry
89%
Suazi ( Eswatini )Lobamba / Mbabane
89%
TogoLome
89%
AngolaLuanda
89%
MozambikMaputo
89%
LiberiaMonrovia
89%
KeniaNairobi
89%
CzadNdżamena
89%
MarokoRabat
89%
Wyspy Świętego Tomasza I KsiążęcaSao Tome
89%
LibiaTrypolis
89%
TunezjaTunis
89%
SeszeleVictoria
89%
NamibiaWindhuk
89%
Wybrzeże Kości SłoniowejAbidżan / Jamusukro
78%
MaliBamako
78%
GambiaBandżul
78%
Republika Środkowo AfrykańskaBangi
78%
Sudan PołudniowyDżuba
78%
BurundiGitega
78%
ZimbabweHarare
78%
RwandaKigali
78%
BeninKotonu / Porto - Novo
78%
GabonLibreville
78%
Gwinea RównikowaMalabo
78%
LesothoMaseru
78%
MauretaniaNawakszut
78%
NigerNiamey
78%
MauritiusPort Louis
78%
Republika Zielonego PrzylądkaPraia
78%
Burkina FasoWagadugu
78%
Sahara ZachodniaAl - Ujun
67%
MalawiLilongwe
67%
ZambiaLusaka
67%
KomoryMoroni
67%
ReunionSaint - Denis
44%
SomalilandHargejsa
33%
Wyspa Świętej Heleny , Wyspa Wniebowstąpienia I Tristan Da CunhaJamestown
33%
MajottaMamoudzou
22%

Rozkład punktacji

Percentyl według liczby udzielonych odpowiedzi

Procent ludzi z każdym wynikiem

Twoja historia wyników

Nie rozwiązałeś tego quizu od ostatniego zresetowania